Matrix logic /

Uložené v:
Podrobná bibliografia
Hlavný autor: Stern, August (Autor)
Médium: Kniha
Jazyk:English
Vydavateľské údaje: Amsterdam : North-Holland, 1988
Vydanie:1.vyd.
Predmet:
Tagy: Pridať tag
Žiadne tagy, Buďte prvý, kto otaguje tento záznam!

MARC

LEADER 00000nam a22000003a 4500
001 stu7829
005 20150617225806.0
008 950510s1988----ne------------------eng-d
020 |a 0-444-70432-9 
040 |a STU  |b slo 
041 0 |a eng 
044 |a ne 
080 |a 510.6 
080 |a 512.64 
100 1 |a Stern, August  |4 aut 
245 1 |a Matrix logic /  |c [aut.] Stern,August 
250 |a 1.vyd. 
260 |a Amsterdam :  |b North-Holland,  |c 1988 
300 |a 215 s 
650 7 |a maticová logika  |2 stusub 
650 7 |a matematická logika  |2 stusub 
650 7 |a matice  |2 stusub 
996 |b I24KN000115  |c I*8M4367  |l I  |s A  |a 24  |w stu7829_0001 
996 |b E79824  |c E*79824  |l EE03  |s P  |a 0  |w stu7829_0002